[Event "CAN-ch U16 Girls"]
[Site "Richmond Hill"]
[Date "2011.07.06"]
[Round "2"]
[White "Ding, Jill"]
[Black "Moghtader, Yasamin"]
[Result "1-0"]
[WhiteElo "1277"]
[BlackElo "1535"]
[PlyCount "113"]
[EventDate "2011.07.06"]
[EventType "swiss"]
[EventRounds "7"]
[EventCountry "CAN"]
[SourceTitle "EXT 2022"]
[Source "ChessBase"]
[SourceDate "2021.10.06"]
[SourceVersion "1"]
[SourceVersionDate "2021.10.06"]
[SourceQuality "1"]

1. e4 e5 2. Nf3 Nc6 3. Bc4 Bc5 4. c3 Nf6 5. d4 d5 6. exd5 e4 7. Nfd2 Na5 8. dxc5 Nxc4 9. Nxc4 Bg4 10. Qc2 Qxd5 11. Ne3 Qg5 12. c4 0-0 13. Nxg4 Qxg4 14. 0-0 Nh5 15. Nc3 f5 16. Qe2 Qg6 17. b4 Rae8 18. Nd5 f4 19. f3 exf3 20. Qxf3 Re4 21. Bd2 c6 22. Nc3 Rxc4 23. Ne2 Rf5 24. Qb3 Qf7 25. Rac1 f3 26. Qxc4 f2+ 27. Kh1 Rd5 28. Be3 b5 29. cxb6 axb6 30. Bxb6 Re5 31. Qxf7+ Kxf7 32. Rxf2+ Nf6 33. Rxc6 Ke8 34. a4 Ng4 35. Kg1 Rd5 36. Rf1 Rd2 37. Ng3 Kd7 38. Rcc1 Nf6 39. Rfd1 Rxd1+ 40. Rxd1+ Kc6 41. Bc5 Nd5 42. Kf2 g6 43. a5 Nc7 44. Ke3 Kb5 45. Rd6 Na6 46. Rb6+ Kc4 47. Rxa6 h5 48. Rb6 h4 49. Ne2 g5 50. a6 g4 51. a7 h3 52. gxh3 g3 53. hxg3 Kb3 54. a8Q Kb2 55. Bd4+ Kb3 56. Qd5+ Ka4 57. Qa2# 1-0